| 000 | 03425nam a2200481 a 4500 | ||
|---|---|---|---|
| 003 | CHAP | ||
| 005 | 20250130092205.0 | ||
| 007 | ca ||||||a|c|a | ||
| 008 | 110209s2010 mx r 00010 spa d | ||
| 035 | _a112127 | ||
| 040 | _cCHAP | ||
| 090 | _aTesis | ||
| 100 | 1 |
_aAvila Vargas, Marisol _98842 |
|
| 245 | 1 | 0 |
_aPropuesta de zonificación y manejo de Recursos Naturales en la subcuenca de la Laguna de Tecocomulco, Estado de Hidalgo _c/por Marisol Avila Vargas; director de tesis Alejandro Ismael Monterroso Rivas. |
| 264 | 1 |
_aChapingo, Méx. : _bEl autor, _c2010. |
|
| 300 |
_a1 recurso en línea (190 páginas) : _bcuadros, figuras. |
||
| 336 |
_2rdacontent _atexto _btxt |
||
| 337 |
_2rdamedia _acomputadora _bc |
||
| 338 |
_2rdacarrier _arecursos en línea _bcr |
||
| 502 |
_bIPMRNR _cSuelos _d2010. _gLIC |
||
| 520 | _aLa zona de estudio está ubicada al Sureste del Estado de Hidalgo, comprende porciones territoriales de los municipios de Apan, Almoloya, Cuautepec, Singuilucan, Tepeapulco y una pequeña superficie del municipio de Chignahuapan, Puebla. Comprende una extensión de 524 km2. El objetivo general del trabajo fue realizar un inventario y evaluación de los recursos naturales presentes en la subcuenca de la Laguna de Tecocomulco, Estado de Hidalgo; con la finalidad de conocer su estado actual y proponer acciones de manejo de acuerdo a las políticas ambientales. La primera etapa consistió en realizar un inventario tanto de aspectos naturales como socioeconómicos. Como resultados de esta primera fase se obtuvieron 47 Unidades de Integración Territorial conformados en 8 sistemas terrestres. Posteriormente se realizó un diagnóstico del medio a través de indicadores para el subsistema natural, como fueron: fragilidad ecológica y relación cobertura natural/cobertura antrópica. Otra etapa importante consistió en el análisis de la información para proponer una zonificación de acuerdo a las políticas ambientales de protección, conservación, restauración y aprovechamiento sustentable, dando como resultado 47 Unidades de Gestión Ambiental y para cada una de ellas se propusieron lineamientos, estrategias, acciones e indicadores. Finalmente, se plantearon componentes de manejo con sus respectivas acciones y plazos de ejecución. De esta manera se contribuye a la generación de información para perfeccionar el manejo de nuestros recursos naturales en la región estudiada. | ||
| 590 |
_aALEPH _b10 _c20130110 |
||
| 590 |
_aBATCH-UPD _b10 _c20130110 |
||
| 590 |
_aBATCH-UPD _b10 _c20130410 |
||
| 590 |
_aBATCH-UPD _b10 _c20130914 |
||
| 590 |
_aBATCH-UPD _b10 _c20140324 |
||
| 590 |
_aBATCH-UPD _b10 _c20141002 |
||
| 590 |
_aBATCH _b00 _c20181121 |
||
| 590 |
_aCONVERSION _b10 _c20130109 |
||
| 650 | 1 | 4 |
_aCuenca de Tecocomulco, Hgo. _930028 |
| 650 | 1 | 4 |
_aEvaluación. _938913 |
| 650 | 1 | 4 |
_aRecursos naturales _xUtilización. _995321 |
| 650 | 1 | 4 |
_aRecursos naturales _zHidalgo. _995328 |
| 650 | 1 | 4 |
_aZonificación ecológica. _9124145 |
| 700 | 1 |
_aMonterroso Rivas, Alejandro Ismael _977837 _eDirector de tesis. |
|
| 856 |
_uhttp://10.13.5.2/tesis/112127.pdf _zDESCARGAR PDF |
||
| 901 | _aBK | ||
| 942 |
_cTD _2Clasificación Universidad Autónoma Chapingo |
||
| 949 |
_aTesis _bBC _cTES _d33724002226520 _eTS1 _gDonaciØn _h51926 _i112127 _st |
||
| 949 |
_aTesis _bBC _cTES _d33724002226561 _eTS2 _fc.2 _gDonaciØn _h51927 _i112127 _st |
||
| 999 |
_c100467 _d100467 |
||